000 00670nam a22002172 4500
001 0000003639
005 20151217145739.0
008 070511s xx 000 0 eng d
020 _a0205287700 :
_cGBP 38.99
040 _aKABU
_cKABU
050 0 _aLB3051
_b.P67 2000
100 1 _aPopham, W. James.
_@0000134132
245 1 0 _aModern educational measurement :
_bpractical guidelines for educational leaders.
250 _a3rd ed.
260 _aBoston :
_bAllyn & Bacon,
_c2000.
300 _axii, 466 p.
650 0 _aEducational tests and measurements.
_@0000153581
908 _a070511
950 _@1
999 _c2207
_d2207